| 000 | 00456cam a2200169 a 4500 | ||
|---|---|---|---|
| 020 | _a0216929822 | ||
| 020 | _a1560815477 (U.S.) | ||
| 040 | _cDLC | ||
| 082 | 0 | 0 | _a637 BLA 1992 A047 Co. |
| 245 | 0 | 4 | _aThe Technology of dairy products / |
| 260 |
_aGlasgow : _bBlackie ; _aNew York : _bVCH Publishers, _c1992. |
||
| 300 |
_axiii, 305 p. : _bill. ; _c24 cm. |
||
| 650 | 0 | _aDairy processing. | |
| 650 | 0 | _aDairy products. | |
| 700 | 1 | _aEarly, R. | |
| 942 | _cEK | ||
| 999 |
_c13417 _d13417 |
||